| 000 | 00756nam a22002297a 4500 | ||
|---|---|---|---|
| 003 | OSt | ||
| 005 | 20221213143251.0 | ||
| 008 | 221213s1990 sp a|||gr6||| 00| 0 spa d | ||
| 040 |
_aCO-JMCR _cCO-JMCR |
||
| 041 | 1 |
_aspa _heng |
|
| 082 | 0 | 4 |
_aH / _bSTRf |
| 100 | 1 |
_aStrazewski, Len, _eautor _942525 |
|
| 245 | 1 | 0 |
_aFlash : _bUna noche en Casablanca / _cpor Strazewski, Miehm y Fricke ; Gonzalo Torres, traductor |
| 260 |
_aBarcelona : _bEdiciones Zinco, _c1990 |
||
| 300 |
_a26 páginas : _bilustraciones a color ; _c26 cm |
||
| 490 | 0 |
_aFlash ; _vNo. 3 |
|
| 650 | 1 | 4 |
_aTiras cómicas _95616 |
| 700 | 1 |
_aMiehm, Grant, _eilustrador _942526 |
|
| 700 | 1 |
_aFricke, Paul, _eautor _942527 |
|
| 700 | 1 |
_aTorres, Gonzalo, _etraductor _942528 |
|
| 942 |
_2ddc _cBK |
||
| 999 |
_c29794 _d16178 |
||